| 000 -LEADER |
| fixed length control field |
00448pab a2200157 454500 |
| 008 - FIXED-LENGTH DATA ELEMENTS--GENERAL INFORMATION |
| fixed length control field |
180718b xxu||||| |||| 00| 0 eng d |
| 100 ## - MAIN ENTRY--PERSONAL NAME |
| Personal name |
Rani S.Isabella |
| 245 ## - TITLE STATEMENT |
| Title |
Rural industrialisation - the case of coir industry |
| 362 ## - DATES OF PUBLICATION AND/OR SEQUENTIAL DESIGNATION |
| Dates of publication and/or sequential designation |
12(5), Sep 93, p.523-31 |
| 650 ## - SUBJECT ADDED ENTRY--TOPICAL TERM |
| Topical term or geographic name entry element |
Rural Industrialisation |
| 650 ## - SUBJECT ADDED ENTRY--TOPICAL TERM |
| Topical term or geographic name entry element |
Coir Industry |
| 650 ## - SUBJECT ADDED ENTRY--TOPICAL TERM |
| Topical term or geographic name entry element |
Industry, Rural |
| 700 ## - ADDED ENTRY--PERSONAL NAME |
| Personal name |
Krishnamoorthy S. |
| 773 ## - HOST ITEM ENTRY |
| Main entry heading |
Journal of Rural Development |
| 909 ## - |
| -- |
25990 |